00455 2200193 4500001002100000005001500021008004100036020002200077035001900099041000700118082000800125090001400133100001300147245002700160260003300187300002000220500000600240650001500246INLIS00000000000001920241224112113241224||||||||| | ||| |||| || |  a978-979-076-369-2 0010-1224000019 aid0 a306 a306 SUL t0 aSulasman00aTeori-Teori Kebudayaan aBandungbPustaka Setiac2013 a350 hlm,: 24 cm a1 0apendidikan